1137 1977 1874 1910 1333 1508 1957 1648 1683 1082 1869 1641 1460 1524 1765 1609 1715 1988 1130 1418 1661 1651 1606 1004 1933 1261 1072 1099 1182 1045 1482 1850 1240 1786 1735 1834 1131 1011 1783 1025 1103 1517 1189 1710 1240 1318 1409 1919 1004 1020 1910 1134 1338 1777 1161 1837 1090 1442 1971 1650 1906 1933 1136 1965 1556 1881 1838 1506 1160 1297 1085 1588 1488 1454 1181 1668 1072 1402 1452 1350 1351 1474 1245 1365 1262 1727 1796 1523 1344 1742 1081 1612 1010 1364 1381 1471 1945 1921 1925 BCNSPRNW ULIB Ver.6.0+V

เปลี่ยนเป็นภาษาไทย

Change to English
 แสดงรายละเอียดบรรณานุกรม
  กลับหน้าหลัก

Brief Record : Get Marc (ISO 2709) : E-mail record : QR code < ปิดหน้าต่าง
LEADER : 00000nam 2200000uu 4500
001    13399120368
003     ULIB
008    120918s2547||||th 000 0 tha d
020    ^a9746581937
060 04 ^aWY156^bย421ก 2547
100 0  ^aยุพิน เพียรมงคล
245 10 ^aการพยาบาลผู้ป่วยมะเร็งปากมดลูก /^bยุพิน เพียรมงคล
250    ^aพิมพ์ครั้งที่ 1
260    ^aเชียงใหม่ :^bโครงการตำรา คณะพยาบาลศาสตร์มหาวิทยาลัยเชียงใหม่,^c2547
300    ^aช, 170 หน้า :^bภาพประกอบ ;^c27 ซม.
650  7 ^aมะเร็งปากมดลูก^xการพยาบาล
710 2  ^aมหาวิทยาลัยเชียงใหม่. /^bคณะพยาบาลศาสตร์
945    ^p200^l0^i13898
945    ^p200^l0^i15569
945    ^p200^l0^i15571
945    ^p200^l0^i15721
995    ^aวิภา
999 ^a ใช้งานได้ทุกระบบ
รายการนี้ยังไม่มีแท็ก
คุณยังไม่ได้ล็อกอิน คุณสามารถมีกิจกรรมร่วมกับเว็บไซต์ได้ แต่ต้องล็อกอินก่อน ::
  ล็อกอิน

รายการสื่อสารสนเทศ

ลำดับที่ ประเภท เลขเรียก/บาร์โค้ด สถานที่ สถานะ
1. วิทยาศาสตร์การแพทย์ และสุขภาพ
วิทยาศาสตร์การแพทย์ และสุขภาพ
WY156 ย421ก 2547  
  Barcode: 13898
ห้องสมุดวิทยาเขตสวรรค์ประชารักษ์
►หนังสือทั่วไป
ถูกยืม กำหนดส่งวันที่ 11 พฤษภาคม 2558
  จอง
2. วิทยาศาสตร์การแพทย์ และสุขภาพ
วิทยาศาสตร์การแพทย์ และสุขภาพ
WY156 ย421ก 2547 ฉ.2 
  Barcode: 15569
ห้องสมุดวิทยาเขตสวรรค์ประชารักษ์
►หนังสือทั่วไป
ถูกยืม กำหนดส่งวันที่ 11 พฤษภาคม 2558
  จอง
3. วิทยาศาสตร์การแพทย์ และสุขภาพ
วิทยาศาสตร์การแพทย์ และสุขภาพ
WY156 ย421ก 2547 ฉ.3 
  Barcode: 15571
ห้องสมุดวิทยาเขตสวรรค์ประชารักษ์
►หนังสือทั่วไป
ถูกยืม กำหนดส่งวันที่ 11 พฤษภาคม 2558
  จอง
4. วิทยาศาสตร์การแพทย์ และสุขภาพ
วิทยาศาสตร์การแพทย์ และสุขภาพ
WY156 ย421ก 2547 ฉ.4 
  Barcode: 15721
ห้องสมุดวิทยาเขตสวรรค์ประชารักษ์
►หนังสือทั่วไป
ถูกยืม กำหนดส่งวันที่ 11 พฤษภาคม 2558
  จอง

รายการใกล้เคียง
    ผู้แต่ง [ยุพิน เพียรมงคล]

BibComment


ยังไม่เคยถูกคอมเมนท์

คอมเมนท์ทรัพยากรรายการนี้
  คอมเมนท์: การพยาบาลผู้ป่วย..


 Copyright 2026. Bcnsprnw @Library